| 000 | 00907cam a22002897a 4500 | ||
|---|---|---|---|
| 001 | 15386809 | ||
| 003 | OSt | ||
| 005 | 20190307132333.0 | ||
| 008 | 080729s2008 enka b 001 0 eng | ||
| 010 | _a 2008274939 | ||
| 015 |
_aGBA783987 _2bnb |
||
| 016 | 7 |
_a014100636 _2Uk |
|
| 020 | _a9780521876346 | ||
| 035 | _a(OCoLC)ocn175284075 | ||
| 040 |
_aUKM _cUKM _dIXA _dDLC |
||
| 042 |
_aukblcatcopy _alccopycat |
||
| 050 | 0 | 0 |
_aQA76.9.D5 _bK74 2008 |
| 082 | 0 | 4 |
_a004 _222 _bKSH 2008 |
| 100 | 1 |
_aKshemkalyani, Ajay D.; Mukesh, Singhal. _95545 |
|
| 245 | 1 | 0 |
_aDistributed Computing :principles, algorithms, and systems _b |
| 260 |
_bCambridge University Press, _c2008. |
||
| 300 |
_axvii, 736 p. : _bill. ; _c25 cm. |
||
| 504 | _aIncludes bibliographical references and index. | ||
| 650 | 0 |
_aElectronic data processing _96528 |
|
| 906 |
_a7 _bcbc _ccopycat _d3 _encip _f20 _gy-gencatlg |
||
| 942 |
_2ddc _cSLOAN |
||
| 999 |
_c3035 _d3035 |
||